Propletené osudy /

Další příběh ze světa, ve kterém bohové rozpoutali válku o osud lidstva. Bohyni poselství Matyldu svede osud dohromady se smrtelníkem Vincentem, kterého už nějakou dobu vídá ve snech, a kterému má nyní doručit dopis.

Uloženo v:
Série:Začarované dopisy, část 0
Hlavní autor: Ross, Rebecca (Autor)
Další autoři: Kupková, Tereza, 1989- (Autor)
Médium: Kniha
Jazyk:Czech
Vydáno: V Praze : Fragment, 2026
Vydání:1. vydání
Témata:
Celkem bylo vypůjčeno:0x
Příbuzné jednotky:Z cyklu:: Začarované dopisy
Tagy:
Žádné tagy
LEADER 02685nam a2200517 i 4500
001 106350
003 CZ PrNK
005 20260514102054.0
007 ta
008 260511s2026 xr d 000 f cze
015 |a cnb003756976 
020 |a 9788025377567  |q (brožováno) :  |c Kč 649,00 
040 |a ABG001  |b cze  |e rda 
041 1 |a cze  |h eng 
072 7 |a 821.111(73)-3  |x Americká próza  |2 Konspekt  |9 25 
072 7 |a 821-93  |x Literatura pro děti a mládež (beletrie)  |2 Konspekt  |9 26 
080 |a 821.111(73)-31  |2 MRF 
080 |a 821-93-053.67  |2 MRF 
080 |a 821-93  |2 MRF 
080 |a (0:82-312.9)  |2 MRF 
100 1 |a Ross, Rebecca  |q (Rebecca J.)  |7 xx0260778  |4 aut  |9 112314 
240 1 0 |a Wild reverence.  |l Česky 
245 1 0 |a Propletené osudy /  |c Rebecca Ross ; přeložila Tereza Kupková 
250 |a 1. vydání 
264 1 |a V Praze :  |b Fragment,  |c 2026 
300 |a 622 stran ;  |c 21 cm 
336 |a text  |b txt  |2 rdacontent 
337 |a bez média  |b n  |2 rdamedia 
338 |a svazek  |b nc  |2 rdacarrier 
500 |a Přeloženo z angličtiny 
520 2 |a Další příběh ze světa, ve kterém bohové rozpoutali válku o osud lidstva. Bohyni poselství Matyldu svede osud dohromady se smrtelníkem Vincentem, kterého už nějakou dobu vídá ve snech, a kterému má nyní doručit dopis.  |b Matylda se narodila v říši mocných a nelítostných bohů. Sama je obdařena jen skromnou magií poselství, avšak jako nositelce slov a dopisů jsou jí známa tajemství, která nesmí odhalit ani svým nejbližším. Kdysi se na ni v nejtemnější noci svého života obrátil i smrtelník Vincent, jeho prosba však zůstala nevyslyšena... až do chvíle, kdy má Matylda doručit dopis právě jemu. Jejich setkání oživí stará pouta a možná změní i zákony světa. Probudí v sobě vzájemnou lásku, nebo je osud znovu rozdělí? Nakladatelská anotace. 
655 7 |a americké romány  |7 fd131796  |2 czenas  |9 53403 
655 7 |a fantasy romány  |7 fd184199  |2 czenas  |9 54250 
655 7 |a literatura young adult  |7 fd1185572  |2 czenas  |9 114939 
655 7 |a publikace pro mládež  |7 fd133157  |2 czenas  |9 110 
655 9 |a American fiction  |2 eczenas 
655 9 |a fantasy novels  |2 eczenas 
655 9 |a young adult literature  |2 eczenas 
655 9 |a juvenile literature  |2 eczenas 
700 1 |a Kupková, Tereza,  |d 1989-  |7 xx0265158  |4 trl  |9 115642 
710 2 |a Fragment (nakladatelství)  |7 ko2004244768  |4 pbl  |9 117176 
787 0 8 |i Z cyklu:  |t Začarované dopisy  |g 0 
910 |a UOG502 
942 |2 ddc  |c KN 
999 |d 106350 
993 |0 0  |1 421180107071  |2 ddc  |4 0  |7 0  |9 99733  |b 0  |c 107071  |d 2026-05-14  |e 0  |f DOSP  |h 649.00  |i Koupě  |l DOSP  |r 2026-05-14  |t 6  |w 2026-05-14  |y KN  |z BELETM  |n